| 000 | 01247nam0a22003131 4500 | ||
|---|---|---|---|
| 001 | RU\NLR\INFOCOMM_253\5000013239 | ||
| 005 | 20250613092933.0 | ||
| 035 | _a(NLR Aleph) 009186861 | ||
| 090 |
_a8606143 _c8606143 |
||
| 100 | _a20100325d1986 |||y0rusy50 ca | ||
| 101 | 1 |
_arum _crus |
|
| 102 | _aRU | ||
| 105 | _aa ||||000|y | ||
| 200 | 1 |
_aOraşe şi oameni _eAustralia, Noua Zeelandă, Japonia _eNote de călătorie ale unui ziarist _fBoris Cehonin _g[Trad.: Sergiu Goldner] |
|
| 210 |
_aΜ. _cEd. Agenţiei de presă "Novosti" _d1986 |
||
| 215 |
_a96 с. _cил. _d17 см |
||
| 300 | _aНа обороте тит. л.: Города и люди : Австралия. Новая Зеландия, Япония / Борис Иванович Чехонин | ||
| 607 |
_aЯпония _jОчерки _2nlr_sh1 |
||
| 607 |
_aАвстралия _jОчерки _2nlr_sh1 |
||
| 607 |
_aНовая Зеландия _jОчерки _2nlr_sh1 |
||
| 686 |
_aТ3(81/87)6, 013, 5 _2rubbk |
||
| 686 |
_aТ3(5я)63, 013.5 _2rubbk |
||
| 700 | 1 |
_9z02790 _aČechonin _bB. I. _f1928- _gBoris Ivanovič _4070 |
|
| 790 | 1 |
_9z02700 _aCehonin _bB. _gBoris _4070 |
|
| 801 | 1 |
_aRU _bNLR _c20100325 |
|
| 801 | 0 |
_aRU _bNLR _gPSBO |
|
| 852 |
_aNLR _jИ87 Д-2/38 |
||
| 942 | _cBOOK | ||
| 980 | _aNB | ||